Historia del dinero / (Record no. 107110)

MARC details
000 -LEADER
campo de control de longitud fija 00644nam a2200205 4500
001 - NÚMERO DE CONTROL
campo de control 107110
003 - IDENTIFICADOR DE NÚMERO DE CONTROL
campo de control ES-MaACL
005 - FECHA Y HORA DE LA ÚLTIMA TRANSACCIÓN
campo de control 20240209181034.0
007 - CAMPO FIJO DE DESCRIPCIÓN FÍSICA--INFORMACIÓN GENERAL
campo de control de longitud fija t|
008 - DATOS DE LONGITUD FIJA--INFORMACIÓN GENERAL
campo de control de longitud fija 061121s1972 sp r ||||1| spa d
100 1# - ENTRADA PRINCIPAL--NOMBRE DE PERSONA
Nombre de persona Morgan, Edward Victor.
9 (RLIN) 83515
245 10 - MENCIÓN DEL TÍTULO
Título Historia del dinero /
Mención de responsabilidad, etc. Edward Victor Morgan; traducción de Margarita Sánchez.
260 ## - PUBLICACIÓN, DISTRIBUCIÓN, ETC.
Lugar de publicación, distribución, etc. Madrid :
Nombre del editor, distribuidor, etc. Istmo,
Fecha de publicación, distribución, etc. 1972.
300 ## - DESCRIPCIÓN FÍSICA
Extensión 457 p. ;
Dimensiones 18 cm.
490 1# - MENCIÓN DE SERIE
Mención de serie Fundamentos ;
Designación de volumen o secuencia v. 29.
700 1# - ENTRADA AGREGADA--NOMBRE PERSONAL
Nombre de persona Sánchez, Margarita.
9 (RLIN) 102406
830 00 - PUNTO DE ACCESO ADICIONAL DE SERIE-TÍTULO UNIFORME
Título uniforme Fundamentos (Ediciones Istmo)
Designación de volumen o secuencia v. 29.
9 (RLIN) 121682
852 ## - LOCALIZACIÓN
Ubicación ES-MaACL
Número de control de estantería C-53164
Sublocalización o colección R.84067
Holdings
Estatus retirado Estado de pérdida Estado de daño No para préstamo Biblioteca de origen Biblioteca actual Ubicación en estantería Fecha de adquisición Fuente de adquisición Total de préstamos Signatura topográfica completa Código de barras Visto por última vez Precio de reemplazo Tipo de ítem Koha
        Biblioteca del Ateneo de Madrid Biblioteca del Ateneo de Madrid Depósito 2 17/01/2008     C-53164 1111795 23/02/2023 23/02/2023 Libro impreso